Statistics for Countries that Beat Switzerland

Click here to take the quiz!

General Stats

  • This quiz has been taken 33,259 times
    (32,661 since last reset)
  • The average score is 11 of 17

Answer Stats

RankHintCountries% Correct
11
Richest country by per-capita income
(PPP, 2019)
Monaco | Liechtenstein | Qatar | Luxembourg |
Singapore | Brunei | Ireland | United Arab Emirates |
Kuwait | Norway
97%
9Country flag with the highest % of red
Morocco | China | Turkey | Vietnam | Kyrgyzstan |
Tunisia | Albania | Tonga
93%
11Most cheese production per capita
New Zealand | Denmark | Ireland | Netherlands |
Iceland | Estonia | Latvia | Germany | Austria |
Lithuania | France
83%
4Highest maximum elevation in EuropeRussia | France | Italy
83%
7Largest landlocked country in Europe
Belarus | Hungary | Serbia | Austria |
Czech Republic | Slovakia
81%
14
Longest time since the country has been
controlled by a foreign occupier
United Kingdom | San Marino | Turkey | Russia |
Sweden | Bhutan | Oman | Nepal | United States |
Portugal | Andorra | Spain | Liechtenstein
79%
11
Lowest murder rate
(2000–2019)
Vatican City | San Marino | Andorra | Japan |
Singapore | Qatar | Bahrain | Iceland |
Brunei | United Arab Emirates
73%
3Longest single-word name of a countryLiechtenstein | Turkmenistan
71%
4Longest road tunnelNorway | Japan | China
67%
3Highest damChina | Tajikistan
65%
4Most recent admission to UNEast Timor | Montenegro | South Sudan
65%
2Highest average elevation in EuropeAndorra
58%
2Most Olympic medals in alpine skiingAustria
58%
5 (t)Most official languagesBolivia | Zimbabwe | South Africa | Ethiopia
53%
2
Most passenger rail travel per capita
(by distance traveled)
Japan
45%
2
Smallest country by area to host the Olympics
Belgium
38%
2
Containing the most populous urban area
starting with Z
China
35%

Score Distribution

Percentile by Number Answered

Percent of People with Each Score

Your Score History

You have not taken this quiz since the last reset